000 01270nam a2200337 i 4500
001 768714001
003 CO-MdFUSB
005 20260211104334.0
007 ta
008 180302t19942005ck ||||| |||| 00| 0 spa d
020 _a985-9359-08-6
040 _aCO-MdFUSB
_bspa
_cCO-MdFUSB
_dCO-MdFUSBC
_erda
041 0 _aspa
082 0 4 _a227.1
_223
_bB427t
100 1 _aBelch, Carlos C.
_eautor
245 1 0 _aTesoros Escondidos
_b : comentario gramatical y explicativo
_c/ Carlos C. Belch
264 1 _aBogotá, Colombia :
_bCompartir, Centros de Literatura Cristiana,
_c[1994-2005]
300 _a567 páginas
_c; 21 cm
336 _2rdacontent
_atexto
_btxt
337 _2rdamedia
_asin mediación
_bn
338 _2rdacarrier
_avolumen
_bnc
500 _av.1 : Romanos, 1ª y 2ª de Corintios v.2 : Gálatas, 1ª y 2ª de Tesalonicenses, Apocalipsis v.3 : 1ª de Juan, Filipenses, Colosenses, Efesios v.4 : Hebreos v.5 : 1ª y 2ª de Pedro
563 _aRústico
653 _aBiblia N.T - Romanos - Comentarios
653 _aBiblia N.T - Corintios - Comentarios
653 _aBiblia N.T - Gálatas - Comentarios
653 _aBiblia N.T - Tesalonisenses - Comentarios
653 _aBiblia N.T - Apocalipsis - Comentarios
942 _cBK
945 _aJTF-925
999 _c34110
_d34110